[Event "Opera Euro Rapid Prelims 2021"]
[Site "Online"]
[Date "2021.02.03"]
[Round "13.6"]
[White "Vidit, Santosh Gujrathi"]
[Black "So, Wesley"]
[Result "1/2-1/2"]
[WhiteElo "2726"]
[BlackElo "2770"]
[Annotator "TA"]
[PlyCount "81"]
[EventDate "2021.02.02"]
[EventType "tourn"]
[EventCountry "NET"]
[SourceTitle "playchess.com"]
[Source "ChessBase"]
[SourceQuality "1"]

{[%evp 13,81,0,0,0,4,-4,2,4,15,0,11,0,-8,-21,0,0,0,0,0,0,0,-7,0,0,-4,-28,-12,-18,-7,-18,-16,-17,-17,-17,-17,-16,-18,-17,-17,-29,-28,-32,-14,-31,0,-17,0,0,0,-157,-157,-157,-157,-157,-157,-157,-157,-157,0,-157,-157,-157,-2,-33,-39,-54,-54,-62,-68,-68]} 1. d4 Nf6 2. c4 e6 3. Nc3 Bb4 4. e3 O-O 5. Bd2 d5 6. Nf3 b6 7. cxd5 exd5 8. Rc1 {E51: Nimzo-Indian: Rubinstein: 4...0-0 5 Nf3 d5.} Bb7 9. Bd3 Be7 $1 {[%mdl 4] is now more promising than 9...a6.} 10. O-O {The position is equal.} c5 11. Ne5 Nc6 12. Ne2 Rc8 {[#]} 13. Bc3 $146 (13. Ng3 {looks sharper.} g6 14. b3 Bd6 15. Bc3 Nb4 16. Bxb4 cxb4 17. Rxc8 Qxc8 18. Qa1) ({Predecessor:} 13. Ng3 cxd4 14. Nxc6 Rxc6 15. exd4 Rxc1 16. Bxc1 Ne4 17. Qa4 Qc7 18. Be3 Bd6 19. Rc1 {1-0 (43) Fedoseev,V (2664)-Ganguly,S (2658) Khanty-Mansiysk 2019}) 13... Ne4 (13... Bd6 {keeps more tension.} 14. f4 Rc7 15. Qe1 Ne4 16. Bxe4 dxe4 17. Rd1 cxd4 18. Nxc6 Rxc6 19. Nxd4 Rc5) 14. Nxc6 Bxc6 15. Bxe4 dxe4 16. dxc5 Qxd1 17. Rfxd1 Bxc5 18. Nd4 Ba4 19. Re1 Bd7 20. h3 f6 21. Rcd1 Kf7 22. Nb3 Ba4 23. Rd2 Bxb3 24. axb3 Rfd8 25. Rxd8 Rxd8 $11 {[%mdl 4096] Endgame KRB-KRB} 26. Ra1 a5 27. Kf1 f5 28. Ke2 g5 29. Ra4 Ke6 30. g4 Rc8 31. b4 $2 ({White should play} 31. Kf1 $11) 31... Bxb4 $17 32. Bxb4 {[#] Strongly threatening Bc3. KRB-KR} Rc4 {[%mdl 64] Pin} 33. b3 Rxb4 34. Rxb4 axb4 {KP-KP} 35. Kf1 h5 $2 (35... Kf6 $17 36. Kg2 Kg6) 36. Kg2 $2 ({White must play} 36. gxh5 $11 Kf6 37. Kg2) 36... fxg4 37. hxg4 {[#]} hxg4 ({Black should try} 37... h4 $1 $17 38. Kh2 Ke5) 38. Kh2 $11 Kf6 {Black is slightly better.} 39. Kg2 $1 Kg6 40. Kh2 $1 Kh6 $1 41. Kg2 $1 {Weighted Error Value: White=0.18/Black=0.17} 1/2-1/2

[Event "Opera Euro Rapid Prelims 2021"]
[Site "Online"]
[Date "2021.02.03"]
[Round "13.7"]
[White "Radjabov, Teimour"]
[Black "Vachier-Lagrave, Maxime"]
[Result "1/2-1/2"]
[WhiteElo "2765"]
[BlackElo "2784"]
[Annotator "TA"]
[PlyCount "129"]
[EventDate "2021.02.02"]
[EventType "tourn"]
[EventCountry "NET"]
[SourceTitle "playchess.com"]
[Source "ChessBase"]
[SourceQuality "1"]

{[%evp 17,129,32,20,14,32,21,18,11,19,22,19,25,10,10,25,18,20,14,24,4,10,0,58,72,103,127,83,23,121,141,139,128,136,69,43,60,118,114,125,77,79,78,82,71,83,86,77,47,41,41,50,37,82,79,79,67,203,210,216,204,279,296,310,102,102,70,70,70,73,70,87,74,108,90,89,89,89,79,81,79,83,82,150,125,124,97,95,96,126,126,126,126,190,205,200,199,187,189,195,206,188,8,8,8,8,8,8,8,8,8,8,8,8,8]} 1. Nf3 {Quintiliano,R} Nf6 2. b3 g6 3. Bb2 Bg7 4. c4 c5 5. g3 b6 6. Bg2 Bb7 7. O-O O-O 8. d4 cxd4 9. Qxd4 Nc6 10. Qc3 {A30: Symmetrical English: Double Fianchetto and Hedgehog.} Qc7 11. Rd1 Rad8 12. Na3 {[%cal Bb1a3,Ba3c2,Bc2e3][%mdl 32]} Rfe8 13. Rac1 Qb8 14. Qe1 a6 15. Nc2 b5 {[#]} 16. Ne3 $146 ({Predecessor:} 16. c5 d5 17. cxd6 Rxd6 18. Rxd6 Qxd6 19. Nfd4 Nd5 20. Ba3 Qd7 21. Nxc6 Bxc6 22. e4 {0-1 (46) Hou,Y (2654)-Vachier Lagrave,M (2789) Karlsruhe/Baden-Baden 2018 CBM 184 [Quintiliano,R]}) 16... bxc4 17. bxc4 d6 18. Ba1 Qa7 19. Nd5 e5 (19... Ne4 $11) 20. e3 $14 Nxd5 21. cxd5 Ne7 22. Nd2 ({Better is} 22. Qa5 $16) 22... Nxd5 (22... Bxd5 $11 {keeps the balance.} 23. Bxd5 Nxd5) 23. Nc4 $16 e4 24. Bxg7 Kxg7 25. Qa5 (25. Rd4 $16) 25... Qc5 $14 26. Qd2 {[%mdl 1024] White has compensation.} Qa7 ({Black should try} 26... Ba8 $1 $14) 27. Qb2+ $16 Kg8 28. Na5 Ba8 29. Nc6 Bxc6 30. Rxc6 Rb8 31. Qd2 $36 {[%mdl 2048] White is on the roll.} Nb4 32. Rxd6 (32. Rc4 $5 {[%cal Rc4b4]} Nd3 33. Rxe4 Rxe4 34. Bxe4 $14) 32... Nd3 $1 33. Qc3 Qe7 34. Rxa6 Rec8 {[#]} 35. Rc6 {[%cal Rc6c8]} Rxc6 36. Qxc6 f5 {[#]} (36... Rb2 $14) 37. Bf1 $1 $18 Ne5 38. Qc3 Nf3+ 39. Kg2 {Threatening mate with Bc4+.} Qe5 40. Bc4+ $2 (40. Qc6 $18 {has better winning chances.}) 40... Kg7 $16 41. Qxe5+ (41. Qa3 {is more complex.} Kh6 42. Be2 Qb2 43. Qxb2 Rxb2 44. Bxf3 exf3+ 45. Kxf3 Rxa2 46. h3) 41... Nxe5 {[%mdl 4096] Endgame KRB-KRN} 42. Bb3 Nd3 43. h4 h6 44. Rb1 Nc5 45. Bc2 Ra8 46. Rb5 Nd3 47. Rb7+ Kf6 {Hoping for ...Ne1+.} 48. Rb6+ Kg7 {Strongly threatening ...Ne1+.} 49. Bb3 Rc8 ({Black should play} 49... Ne1+ 50. Kf1 Nf3) 50. Rb7+ Kf6 51. f4 {[%csl Gb3][%cal Rb7f7]} exf3+ 52. Kxf3 Rc6 53. a4 {[%cal Ba2a4,Ba4a5][%mdl 32]} Nc5 54. Rb5 g5 (54... Nxb3 $16 55. Rxb3 Ra6) 55. hxg5+ hxg5 56. Bd5 Rc7 57. a5 g4+ 58. Ke2 Ke7 {intending ...Na4.} 59. e4 $2 (59. Ba8 $18) 59... Nxe4 $11 {The position is equal.} 60. Bxe4 fxe4 {KR-KR} 61. Re5+ Kf6 62. Rxe4 Rc2+ $1 63. Ke3 $1 {Threatens to win with Ra4.} Ra2 64. Kf4 Rxa5 65. Kxg4 {Black defended with fortune.  Weighted Error Value: White=0.17/Black=0.14} 1/2-1/2

[Event "Opera Euro Rapid Prelims 2021"]
[Site "Online"]
[Date "2021.02.03"]
[Round "13.8"]
[White "Ding, Liren"]
[Black "Carlsen, Magnus"]
[Result "1-0"]
[WhiteElo "2791"]
[BlackElo "2862"]
[Annotator "TA"]
[PlyCount "71"]
[EventDate "2021.02.02"]
[EventType "tourn"]
[EventCountry "NET"]
[SourceTitle "playchess.com"]
[Source "ChessBase"]
[SourceQuality "1"]

{[%evp 9,71,37,35,33,59,38,56,49,38,56,47,47,47,47,49,57,48,36,13,29,67,56,53,66,154,141,146,135,162,103,129,93,99,91,158,76,98,-5,140,125,238,0,191,168,174,133,133,129,307,297,529,552,534,548,547,544,507,510,896,885,939,925,1037,1051]} 1. d4 Nf6 2. c4 e6 3. Nf3 a6 (3... d5 4. Nc3 h6 5. Bf4 Bd6 6. Bxd6 Qxd6 7. e3 O-O 8. Rc1 b6 9. cxd5 Nxd5 10. Nxd5 Qxd5 11. a3 Qd6 12. Qc2 c6 13. Qe4 Qd5 14. Bd3 Qxe4 15. Bxe4 {½-½ (49) Ding,L (2791)-Carlsen,M (2862) chess24.com INT 2020}) 4. Nc3 Bb4 5. Bg5 h6 6. Bh4 {E10: Blumenfeld Gambit.} b6 7. e3 Bb7 8. Bd3 {[#] White is slightly better.} Bxc3+ $146 ({Predecessor:} 8... g5 9. Bg3 d5 10. Qa4+ Nc6 11. cxd5 Nxd5 12. Rc1 O-O 13. O-O Nxc3 14. bxc3 Bd6 {1-0 (42) Rocabado,F (2187)-Sipos,S (2006) Douglas 2016}) 9. bxc3 d6 10. O-O Nbd7 11. Nd2 g5 12. Bg3 h5 13. h3 h4 14. Bh2 g4 15. hxg4 h3 16. g3 Rg8 (16... Bg2 $14) 17. f3 $16 Qe7 18. e4 O-O-O 19. Rf2 (19. Kh1 $18) 19... Nh7 20. a4 a5 21. Rb1 Rde8 ({Black should play} 21... e5) 22. Nf1 (22. e5 $142 f6 23. exd6 cxd6 24. f4) 22... f5 23. exf5 ({White should try} 23. gxf5 $16 {Strongly threatening Ne3.} exf5 24. exf5) 23... exf5 (23... e5 $1 $11 {remains equal.}) 24. Bxf5 Ng5 (24... Kb8 $16 25. Rbb2 Ndf6) 25. c5 $2 (25. f4 $18) 25... Kb8 $2 {[#]} (25... dxc5 $11 26. d5 Nf7) 26. cxb6 $1 $18 Nxb6 27. d5 Ba6 {and if ...Be2 works, Black does fine.} 28. Qd4 {Hoping for f4.} Ka7 $2 {This move loses the game for Black.} (28... Qe5 $16 {was called for.} 29. Qxe5 Rxe5) 29. f4 Ne4 $2 {[#]} (29... Qg7 30. fxg5 Qxd4 31. cxd4 Nxd5) 30. Re1 {White is clearly winning.} Nxf2 31. Rxe7 Rxe7 32. Kxf2 ({Not} 32. Qxf2 Re2 $16) 32... Re2+ 33. Kf3 Rge8 (33... Ra2 $142) 34. Bd3 Bxd3 35. Qxd3 Rg2 36. g5 {Weighted Error Value: White=0.30/Black=0.51} 1-0

[Event "Opera Euro Rapid Prelims 2021"]
[Site "Online"]
[Date "2021.02.03"]
[Round "14.1"]
[White "Dubov, Daniil"]
[Black "Carlsen, Magnus"]
[Result "1/2-1/2"]
[WhiteElo "2710"]
[BlackElo "2862"]
[Annotator "TA"]
[PlyCount "244"]
[EventDate "2021.02.02"]
[EventType "tourn"]
[EventCountry "NET"]
[SourceTitle "playchess.com"]
[Source "ChessBase"]
[SourceQuality "1"]

{[%evp 16,244,21,15,22,13,43,10,9,16,44,44,73,70,70,73,71,62,72,86,81,60,65,80,182,156,137,140,130,125,125,129,127,125,134,89,157,40,106,93,59,80,97,48,114,114,114,114,116,116,147,147,147,147,147,147,144,144,147,147,154,152,190,190,199,199,199,199,220,220,220,220,220,220,220,220,220,220,220,220,220,220,220,220,220,0,220,220,220,220,220,220,220,163,163,163,163,163,163,163,163,163,163,163,163,163,163,163,163,163,163,163,163,163,163,129,129,129,163,163,163,129,129,129,129,129,129,129,129,0,0,0,0,0,0,0,0,0,0,0,0,0,0,0,0,0,0,0,0,0,0,0,12841,12842,12840,12840,12841,12841,12845,12845,12846,0,0,0,0,0,12848,0,0,0,0,0,0,0,0,0,0,0,0,0,0,0,0,0,0,0,0,0,0,0,0,0,0,0,0,0,0,0,0,0,0,0,0,0,0,0,0,0,0,0,0,0,0,0,0,0,0,0,0,0,0,0,0,0,0,0,0,0,0,0,0]} 1. d4 d5 2. c4 c6 3. Nf3 Nf6 4. Nc3 e6 5. g3 Nbd7 6. Bg2 Be7 7. O-O O-O 8. b3 b6 9. Bb2 a5 {Recently 9...Ba6 got a lot of attention. E07: Closed Catalan: Main Line (5 Nf3 0-0 6 0-0 Nbd7).} 10. e4 Ba6 {[#]} 11. Ne5 $146 ({Predecessor:} 11. Nd2 Rc8 12. Re1 dxe4 13. Ndxe4 b5 14. d5 cxd5 15. cxd5 exd5 16. Nxd5 Nxd5 17. Qxd5 Rc2 18. Qd4 Nf6 19. Rec1 Qxd4 20. Bxd4 Rxc1+ 21. Rxc1 Nxe4 22. Bxe4 {1-0 (59) Predojevic,B (2617)-Saric,I (2637) Sarajevo 2011}) 11... Rc8 12. Re1 {[%cal Rc4d5]} dxc4 13. Nxc4 ({Inferior is} 13. bxc4 Nxe5 14. dxe5 Nd7 $17) 13... Bxc4 14. bxc4 e5 $1 15. Ne2 Bb4 16. Rf1 Re8 17. Qc2 Qe7 18. c5 exd4 19. cxb6 c5 (19... d3 $16 {was called for.} 20. Qxd3 Nxb6) 20. a3 Nxb6 21. axb4 axb4 {[%cal Rf6e4]} 22. Nf4 Qd6 23. Rfd1 Nbd7 24. Rac1 Qa6 25. Nd3 h5 (25... Nxe4 $142 26. Bxe4 Rxe4) 26. h3 (26. Bh3 $16) 26... b3 (26... Nxe4 $14 27. Bxe4 Rxe4) 27. Qc4 (27. Qxb3 {looks sharper.} c4 28. Nb4 Qb5 29. Bf1 d3 30. Qc3) 27... Qxc4 28. Rxc4 Nxe4 29. Bxd4 Nb6 ({Black should play} 29... f5 $1 $14) 30. Rxc5 $16 ({Not} 30. Nxc5 Nxc4 31. Nxe4 Rb8 $17) 30... Nxc5 31. Nxc5 ({Stronger than} 31. Bxc5 Na4 $15) 31... b2 32. Nd3 {[%mdl 64] Discovered Attack} Nc4 33. Nxb2 Red8 34. Bc3 Nxb2 35. Rxd8+ Rxd8 36. Bxb2 Rd1+ 37. Bf1 $1 Rb1 38. Bd4 Rd1 39. Be3 Ra1 40. Kg2 Ra5 41. Kf3 Rf5+ 42. Ke4 Ra5 43. Bc4 Ra4 44. Kd5 Ra1 45. Kd6 Kf8 46. Bc5 Rd1+ 47. Kc6+ Kg8 48. Bd5 Rd3 49. Be4 Rd2 50. Bd5 Rd3 $1 51. Be3 g6 52. Kd6 Kg7 53. Ke5 Rd1 54. g4 hxg4 55. hxg4 Rd3 56. Bg5 Rd1 57. Bf6+ Kf8 58. Kd6 Rd2 59. f3 Rd1 60. Bc3 Rd3 61. Be5 Rd1 62. f4 Rg1 {[#]} 63. g5 $1 Rd1 64. Kc6 Rd2 65. Bd6+ Kg7 66. Bb3 Rd3 67. Bc4 Rd1 68. Kd7 Rd4 69. Bb5 f6 70. Ke6 Re4+ 71. Kd5 Re1 72. gxf6+ (72. Bc5 $16 Kf7 73. Bc4 fxg5 74. fxg5) 72... Kxf6 $11 73. Be5+ (73. f5 {keeps more tension.} gxf5) 73... Ke7 74. Bd3 Kf7 75. Bc4 Ke7 76. Kd4 Ra1 77. Bd3 (77. f5 {is more complex.} gxf5) 77... Kf7 78. Kd5 (78. f5 {seems wilder.} gxf5 79. Bxf5) 78... Rd1 79. Ke4 (79. Kc4 {with more complications.} Rc1+ 80. Bc3 Rg1 81. Bb4 Kg7 82. Kd4) 79... Re1+ 80. Kd4 Rd1 81. Bc7 Ke7 82. Ke3 Rc1 83. Bb6 Rg1 $2 {[%mdl 8192]} (83... Rc6 $11) 84. Kf3 $18 Rc1 85. Kg4 Rc3 86. Be4 Kf7 87. Bd5+ Ke7 {[#]} 88. Ba5 $2 (88. Bf2 $1 $18 Rd3 89. Be4) 88... Rc1 $11 89. Bb6 Rd1 90. Bf3 (90. Bc5+ {with more complications.} Kf6 91. Be7+ Kxe7) 90... Rf1 $2 {[%mdl 8192]} (90... Rb1 $11) 91. Bg2 $2 (91. Be4 $18 Kf6 92. Bd4+ Ke6 93. Bxg6) 91... Rb1 {The position is equal.} 92. Bc5+ Kf7 93. Be4 Re1 94. Bd5+ Kg7 95. Bf3 (95. f5 {with more complications.} gxf5+ 96. Kxf5) 95... Rc1 96. Be3 (96. Bg2 {is more complex.} Rxc5) 96... Rb1 (96... Re1 {seems wilder.} 97. f5 Rxe3) 97. Bd4+ Kh6 98. Bc5 Kg7 99. Be2 Rc1 100. Be3 (100. Bd3 {is interesting.} Rxc5) 100... Re1 101. Bd4+ (101. f5 {looks sharper.} Rxe2) 101... Kh6 102. Bf3 (102. f5 {feels hotter.} Rxe2) 102... Rb1 103. Bf6 Rg1+ 104. Kh4 Rb1 105. Bg5+ (105. f5 {seems wilder.} gxf5) 105... Kg7 106. Kg3 Rb3 107. Kf2 {And now Be4 would win.} Ra3 108. Ke2 Rb3 109. Be4 Ra3 110. Bd3 Rb3 111. Ke3 Rb4 112. Be4 Ra4 113. Bd5 Rb4 114. Kd3 {Black must now prevent Ke3.} (114. f5 {keeps more tension.} gxf5) 114... Ra4 115. Bc4 Ra1 116. Kd4 Re1 117. Kd5 {Threatens to win with Bh4.} Rd1+ 118. Ke5 {Hoping for Bf6+.} Re1+ 119. Kd6 {Strongly threatening Kc5.} Rd1+ 120. Ke7 Re1+ 121. Be6 {aiming for Kd6.} Re4 122. Kd6 {Bd7 is the strong threat.} Re1 {Weighted Error Value: White=0.14/Black=0.11} 1/2-1/2

[Event "Opera Euro Rapid Prelims 2021"]
[Site "Online"]
[Date "2021.02.03"]
[Round "14.2"]
[White "Vachier-Lagrave, Maxime"]
[Black "Ding, Liren"]
[Result "1-0"]
[WhiteElo "2784"]
[BlackElo "2791"]
[Annotator "TA"]
[PlyCount "47"]
[EventDate "2021.02.02"]
[EventType "tourn"]
[EventCountry "NET"]
[SourceTitle "playchess.com"]
[Source "ChessBase"]
[SourceQuality "1"]

{[%evp 11,47,5,0,-37,-26,-25,-7,-10,0,0,-1,0,0,0,0,0,0,0,33,22,8,17,9,22,21,8,18,41,76,89,83,91,110,125,275,255,331,177]} 1. e4 c5 2. Nf3 d6 3. d4 cxd4 4. Nxd4 Nf6 5. Nc3 a6 6. Rg1 b5 {[%cal Bb7b5,Bb5b4][%mdl 32]} 7. a4 $5 {[%mdl 4] Exploring less charted territory. B90: Sicilian Najdorf: Unusual White 6th moves, 6 Be3 Ng4 and 6 Be3 e5.} b4 8. Nd5 {[#]} Nxe4 $146 ({Predecessor:} 8... e6 9. Nxf6+ Qxf6 10. Be3 Bb7 11. Qd2 Bxe4 12. f3 Bb7 13. Qxb4 Qe7 14. Qb6 Qd7 {1-0 (76) Nepomniachtchi,I (2784)-Giri,A (2764) chess24.com INT 2020}) 9. Bc4 {[#] Black must now prevent Qf3.The position is equal.} e6 {Hoping for ...Bb7.} 10. Qe2 Nc5 11. c3 Be7 12. Nxe7 Qxe7 13. cxb4 Ncd7 14. Bd2 $36 {[%mdl 2048] White has some pressure.} Ne5 15. Bb3 O-O 16. O-O-O Nbc6 17. Nc2 Rb8 18. Bc3 Ng6 19. g3 e5 20. Bd5 Qd7 21. f4 Bb7 22. Bb3 exf4 (22... Bc8 $16) 23. gxf4 $18 Qf5 24. Qd2 {Weighted Error Value: White=0.03/Black=0.15} ({Not} 24. Rxd6 Qxf4+ {[%mdl 64] Double Attack} 25. Qd2 Qxd2+ 26. Rxd2 (26. Bxd2 Nce5 $14) (26. Kxd2 Kh8 $14) 26... Kh8 $16) (24. Qf1 $142) 1-0

[Event "Opera Euro Rapid Prelims 2021"]
[Site "Online"]
[Date "2021.02.03"]
[Round "14.4"]
[White "Aronian, Levon"]
[Black "Vidit, Santosh Gujrathi"]
[Result "1/2-1/2"]
[WhiteElo "2781"]
[BlackElo "2726"]
[Annotator "TA"]
[PlyCount "95"]
[EventDate "2021.02.02"]
[EventType "tourn"]
[EventCountry "NET"]
[SourceTitle "playchess.com"]
[Source "ChessBase"]
[SourceQuality "1"]

{[%evp 11,94,25,35,33,30,-12,30,39,31,31,36,29,37,29,29,29,27,38,38,37,36,31,31,29,22,10,12,8,3,10,9,27,20,10,15,15,32,40,45,41,40,0,0,0,0,0,0,0,0,0,24,0,57,57,91,91,91,9,9,0,0,0,0,0,0,0,0,0,0,0,0,0,0,0,0,0,0,0,0,0,0,0,0,0,0]} 1. d4 Nf6 2. c4 e6 3. Nf3 d5 4. Nc3 c5 5. cxd5 cxd4 6. Qxd4 exd5 7. e4 {D41: Queen's Gambit Declined: Semi-Tarrasch with 5 cxd5.} (7. e3 Nc6 8. Qd3 Bc5 9. Be2 d4 10. exd4 Nxd4 11. O-O O-O 12. Nxd4 Qxd4 13. Qg3 Ne4 14. Nxe4 Qxe4 15. Bf3 Qb4 16. Bf4 Bf5 17. a3 Qb6 18. Bc7 Qb5 19. b4 Be7 {1-0 (53) Aronian,L (2781)-Vidit,S (2726) chess24.com INT 2020}) 7... dxe4 $1 {[%mdl 4] now scores much better than the old 7...Nc6.} 8. Qxd8+ Kxd8 9. Ng5 {White has an edge.} Be6 10. Nxe6+ fxe6 11. Bg5 Nc6 12. Bc4 Ke7 13. Nxe4 {[#]} Kf7 $146 ({Predecessor:} 13... Rd8 14. Nxf6 gxf6 15. Be3 Bg7 16. O-O Kf7 17. Rfe1 Rhe8 18. h4 Nd4 19. Rac1 f5 {1-0 (103) Kopeikin,V (2426)-Liskevich,V (2401) ICCF email 2013}) 14. Bxf6 gxf6 15. O-O-O Rd8 16. Rxd8 Nxd8 17. Rd1 Be7 18. f4 f5 19. Ng5+ Bxg5 20. fxg5 $11 {[%mdl 4096] Endgame KRB-KRN} Ke7 21. Bb5 {[#] Threatens to win with Rd7+.} Nc6 22. Bxc6 bxc6 {KR-KR} 23. Rd4 Rg8 24. h4 h6 25. gxh6 {And now h7 would win.} Rh8 26. g4 (26. Ra4 {is interesting.} Rxh6 27. Rxa7+ Kd6 28. g3 e5 29. Rf7) 26... fxg4 27. Rxg4 Rxh6 28. Kd2 a5 29. Ke3 Kf6 30. Rf4+ Kg6 31. Rc4 Rh5 (31... Kf5 $11) 32. Rxc6 $14 Rxh4 33. Rxe6+ Kf7 {[#]} 34. Re5 (34. Rb6 $1 $16) 34... Rb4 $1 $11 {The position is equal.} 35. b3 a4 36. Re4 (36. bxa4 {is more complex.} Rxa4 37. Rf5+ Ke6 38. Rf2 Kd5 39. Rc2) 36... Rxe4+ 37. Kxe4 {White threatens Kd5 and mate.} axb3 38. axb3 {White wants to mate with Kd5. KP-K} Ke6 39. b4 {[%cal Bb3b4,Bb4b5,Bb5b6,Bb6b7][%mdl 32]} Kd6 40. Kd4 (40. b5 {looks sharper.} Kc7 41. Kd4 Kb7 42. Kc5 Kc7 43. Kb4) 40... Kc6 41. Kc4 Kb6 42. b5 Kb7 43. Kc5 Kc7 44. b6+ Kb7 45. Kb5 Kb8 46. Kc6 Kc8 47. b7+ Kb8 48. Kb6 {Weighted Error Value: White=0.07/Black=0.05} 1/2-1/2

[Event "Opera Euro Rapid Prelims 2021"]
[Site "Online"]
[Date "2021.02.03"]
[Round "14.5"]
[White "Bluebaum, Matthias"]
[Black "Nakamura, Hikaru"]
[Result "0-1"]
[WhiteElo "2670"]
[BlackElo "2736"]
[Annotator "TA"]
[PlyCount "172"]
[EventDate "2021.02.02"]
[EventType "tourn"]
[EventCountry "NET"]
[SourceTitle "playchess.com"]
[Source "ChessBase"]
[SourceQuality "1"]

{[%evp 9,172,0,0,0,0,0,5,7,18,16,14,8,19,9,53,54,61,47,55,38,40,43,41,44,42,43,45,31,54,48,49,35,58,23,27,22,34,0,0,0,0,0,10,0,0,0,6,0,0,-26,19,14,13,5,7,6,31,25,79,15,0,0,33,-4,-9,-31,0,0,0,-39,-36,-26,-32,-96,-97,-110,-36,-86,-44,-43,-41,-53,-54,-73,-69,-76,-74,-72,-47,-47,-31,-31,-16,-25,0,0,0,-54,-23,-28,-28,-171,-164,-188,-184,-168,-194,-181,-185,-193,-193,-184,-182,-195,-195,-215,-212,-212,-203,-176,-130,-206,-206,-206,-206,-206,-206,-208,-225,-228,-220,-296,-297,-304,-289,-654,-655,-622,-614,-387,-287,-1516,-2075,-1572,-1438,-29972,-29973,-29973,-29974,-29974,-29975,-29975,-29976,-29976,-29976,-29976,-29977,-29977,-29977,-29978,-29978,-29978,-29979,-29979,-29980]} 1. d4 Nf6 2. Nf3 d5 3. e3 c5 4. Nbd2 Nc6 5. c3 cxd4 6. exd4 {D05: Colle System with ...e6.} Bf5 7. Nh4 Bg4 8. Ndf3 {[#] The position is equal.} e6 $146 ({Predecessor:} 8... Ne4 9. Qb3 a6 10. h3 Bc8 11. Bd3 h6 12. g3 g5 13. Ng2 Bg7 14. h4 g4 {½-½ (53) Krainski,J (2229)-Korkus,M (2249) ICCF email 2011}) 9. h3 Bh5 10. Bd3 Bd6 11. Qe2 Bg6 12. Nxg6 hxg6 13. Bg5 Qc7 14. g3 O-O-O 15. O-O-O Kb8 16. Kb1 Rc8 17. h4 Na5 18. Ne5 Ka8 19. Bf4 Rhd8 20. Rc1 Nc6 21. Rhe1 Bxe5 22. dxe5 Nd7 23. h5 gxh5 24. Qxh5 g6 25. Qe2 Rh8 26. c4 d4 27. c5 Nb4 28. a3 Nd5 29. Rc4 Nb8 30. Rxd4 Qxc5 31. Rc4 Qb6 32. Bd2 Nc6 33. Rec1 Rh2 (33... Rc7 $11) 34. Be1 (34. Rc5 $16) 34... Rd8 $11 35. Be4 a6 36. Rd1 Nxe5 37. Rcc1 Nc6 38. Qf3 Ne5 39. Qe2 f6 40. Ka1 g5 41. Qd2 (41. Rd2 $15) 41... Nc6 42. Qd3 Rhh8 (42... Ka7 $17 43. Kb1 f5 44. Bxd5 Rxd5) 43. Kb1 Ne5 44. Qe2 g4 45. Bg2 Rhe8 46. Qe4 Qb3 47. Qc2 Qxc2+ 48. Kxc2 f5 49. Kb1 Nc6 50. Bd2 Rg8 51. Rh1 Nd4 52. Ba5 Rd7 {...Nb3 is the strong threat.} 53. Ka2 (53. Bxd5 $11 Rxd5 54. Bb6) 53... Ka7 54. Rh6 Re8 55. Rd1 {White does not recover from this.} (55. Bxd5 $11 {and White stays safe.} Rxd5 56. Bd2) 55... Nc6 $1 $19 {[%cal Rc6a5]} 56. Bd2 Nb6 57. Bxc6 bxc6 58. Kb1 Red8 59. Kc1 Rd6 60. b3 R8d7 61. a4 Kb7 62. Kc2 c5 $1 63. Rhh1 Kc6 64. Rhe1 Nd5 65. Re2 (65. Rc1 $17) 65... Nb4+ 66. Kc1 e5 {White must now prevent ...f4!} 67. Rh1 {intending Bxb4.} Nd3+ 68. Kc2 f4 $1 {[%cal Rf4f3] Hoping for ...f3.} 69. gxf4 exf4 {Strongly threatening ...f3.} 70. Bc3 {[#]} Nb4+ $1 71. Bxb4 cxb4 {[%mdl 4096] Endgame KRR-KRR} 72. Rg1 $2 (72. Rc1) 72... f3 73. Re4 Rd2+ 74. Kc1 R7d4 75. Rexg4 $2 (75. Rxd4 Rxd4 76. Kc2) 75... Rxg4 76. Rxg4 Rxf2 77. Rxb4 {[#] KR-KR} Ra2 $1 {Black mates.} 78. Rf4 f2 79. Kd1 a5 80. Rf5 Kd6 81. Rf3 Kd5 82. Rf4 Ke5 83. Rf8 Kd4 84. Rf3 Ke4 85. Rf8 Ke3 86. Re8+ Kd3 {[%cal Ra2a1] Weighted Error Value: White=0.16/Black=0.10} 0-1

[Event "Opera Euro Rapid Prelims 2021"]
[Site "Online"]
[Date "2021.02.03"]
[Round "14.6"]
[White "Shankland, Sam"]
[Black "Nepomniachtchi, Ian"]
[Result "1/2-1/2"]
[WhiteElo "2691"]
[BlackElo "2789"]
[Annotator "TA"]
[PlyCount "70"]
[EventDate "2021.02.02"]
[EventType "tourn"]
[EventCountry "NET"]
[SourceTitle "playchess.com"]
[Source "ChessBase"]
[SourceQuality "1"]

{[%evp 13,70,18,27,7,35,33,57,35,30,34,42,29,34,34,40,4,90,83,75,48,81,70,84,67,68,80,133,104,102,106,124,85,79,38,81,80,77,34,34,29,32,29,33,29,61,50,62,48,44,16,16,16,16,16,16,16,16,16,16]} 1. e4 c5 2. Nf3 d6 3. d4 cxd4 4. Nxd4 Nf6 5. Nc3 a6 6. Be3 e5 7. Nb3 Be7 8. h3 {B90: Sicilian Najdorf: Unusual White 6th moves, 6 Be3 Ng4 and 6 Be3 e5.} Nc6 {[%cal Bb8c6,Bc6a5,Ba5c4][%mdl 32]} 9. g4 h6 10. Qf3 {White is slightly better.} Be6 11. O-O-O Rc8 12. Kb1 Na5 {[#]} 13. Bc1 $146 ({Predecessor:} 13. Nc5 O-O 14. Rg1 Nh7 15. g5 Bxg5 16. Qg2 Kh8 17. h4 Bf6 18. Qg3 Rc6 19. Be2 {½-½ (71) Ibermax (2461)-Jazzled,R (2553) playchess.com INT 2006}) 13... Nc4 14. Nd5 Nxd5 (14... Nd7 $11 {remains equal.}) 15. exd5 $16 Bd7 16. Bd3 a5 17. Qe4 b5 18. f4 a4 19. Nd2 {[%cal Rd2c4]} Qc7 (19... exf4 $142 20. Nxc4 (20. Bxc4 bxc4 21. Nxc4 O-O $11) 20... bxc4 21. Bxc4 O-O) 20. Rhe1 Bf6 21. Nf3 Kd8 22. Bxc4 Qxc4 23. fxe5 (23. Bd2 {is more complex.} Qxe4 24. Ba5+ Ke7 25. Rxe4 Rc4 26. Rxc4 bxc4 27. Re1) 23... Bxe5 24. Nxe5 dxe5 25. Qxc4 (25. Qg2 {feels hotter.} f6 26. a3 Be8 27. Rd3 Qc7 28. d6) 25... Rxc4 26. Rxe5 f6 27. Re3 {And now b3 would win.} Re8 28. b3 axb3 29. axb3 Rxe3 30. Bxe3 $11 {[%mdl 4096] Endgame KRB-KRB} Re4 31. Bc5 f5 {The position is equal.} 32. Rd4 Rxd4 33. Bxd4 fxg4 34. hxg4 Bxg4 35. Bxg7 Bf3 {Weighted Error Value: White=0.10/Black=0.14} 1/2-1/2